Adaptation and breeding studies on the lima bean, Phaseolus lunatus L., as a food legume for Latin America /

Bibliographic Details
Main Author: Lyman, Judith M., 1953-
Format: Thesis Microform Book
Language:English
Published: [Place of publication not identified] : [publisher not identified] ; 1980.
Subjects:

MARC

Tag First Indicator Second Indicator Subfields
LEADER 00000cam a2200000 a 4500
001 in00000032310
005 20151007060454.0
007 he amb|||||||
008 880921r19811980miuab bb 00010 eng d
035 |a (OCoLC)18508516 
035 |9 AAC0931AM 
040 |a TXA  |c TXA  |d UtOrBLW 
043 |a cl----- 
049 |a TXAI 
099 |a fiche  |a C  |a 7502 
100 1 |a Lyman, Judith M.,  |d 1953- 
245 1 0 |a Adaptation and breeding studies on the lima bean, Phaseolus lunatus L., as a food legume for Latin America /  |c by Judith Mapes Lyman. 
264 1 |a [Place of publication not identified] :  |b [publisher not identified] ;  |c 1980. 
300 |a xv, 257 leaves :  |b illustrations, map. 
336 |a text  |b txt  |2 rdacontent 
337 |a microform  |b h  |2 rdamedia 
338 |a microfiche  |b he  |2 rdacarrier 
502 |b Ph. D.  |c Cornell University  |d 1980. 
504 |a Bibliography: leaves 241-257. 
533 |a Microfiche.  |b Ann Arbor, Mich. :  |c University Microfilms International,  |d 1981.  |e 3 microfiches ; 11 x 15 cm. 
500 |a Microform. 
650 0 |a Lima bean. 
999 |a MARS 
999 f f |s 31c056d1-c3f4-3207-9f6d-67da5ff3b6cf  |i ec25aaa5-1562-3805-9a91-302cc52df3d5  |t 0 
952 f f |p normal  |a Texas A&M University  |b College Station  |c Sterling C. Evans Library  |d Evans: Microforms (3rd floor)  |t 0  |e fiche C 7502  |h Other scheme  |i microform -- microfiche  |m A14823065979 
998 f f |a fiche C 7502  |t 0  |l Evans: Microforms (3rd floor)